Gentilé ou Nom d'Habitants de Pays du Monde - Statistiques

Statistiques générales
  • Ce quiz a été pris 394 fois
  • Le résultat moyen est 123 sur 194
Statistiques - réponses
Pays Gentilé % Correct
Angleterre Anglais/Anglaise
99%
Irlande Irlandais/Irlandaise
99%
Espagne Espagnol/Espagnole
98%
Écosse Écossais/Écossaise
97%
France Français/Française
97%
Portugal Portugais/Portugaise
97%
Allemagne Allemand/Allemande
95%
Italie Italien/Italienne
95%
Suisse Suisse/Suissesse
94%
Belgique Belge
92%
Pays de Galles Gallois/Galloise
92%
Pays-Bas/Hollande Néerlandais/Néerlandaise/Hollandais/Hollandaise
92%
Pologne Polonais/Polonaise
89%
Autriche Autrichien/Autrichienne
88%
Luxembourg Luxembourgeois/Luxembourgeoise
88%
Roumanie Roumain/Roumaine
88%
Russie Russe
88%
États-Unis Américain/Américaine/Etatsunien/Étasunienne
87%
Canada Canadien/Canadienne
87%
Finlande Finlandais/Finlandaise
87%
Islande Islandais/Islandaise
87%
Serbie Serbe
87%
Suède Suédois/Suédoise
87%
Turquie Turc/Turque
87%
Ukraine Ukrainien/Ukrainienne
87%
Croatie Croate
86%
Géorgie Géorgien/Géorgienne
86%
Grèce Grec/Grecque
86%
Norvège Norvégien/Norvégienne
86%
Bulgarie Bulgare
85%
Mexique Mexicain/Mexicaine
85%
Arménie Arménien/Arménienne
84%
Inde Indien/Indienne
84%
Lettonie Letton/Lettonne
84%
Slovaquie Slovaque
84%
Danemark Danois/Danoise
83%
Hongrie Hongrois/Hongroise
83%
Japon Japonais/Japonaise
83%
Pakistan Pakistanais/Pakistanaise
83%
Thaïlande Thaïlandais/Thaïlandaise
83%
Biélorussie Biélorusse
82%
Chine Chinois/Chinoise
82%
Égypte Égyptien/Égyptienne
82%
Estonie Estonien/Estonienne
82%
Haïti Haïtien/Haïtienne
82%
Maroc Marocain/Marocaine
82%
Tunisie Tunisien/Tunisienne
82%
Algérie Algérien/Algérienne
81%
Brésil Brésilien/Brésilienne
81%
Liban Libanais/Libanaise
81%
Lituanie Lituanien/Lituanienne
81%
République Tchèque Tchèque
81%
Indonésie Indonésien/Indonésienne
80%
Israël Israélien/Israélienne
79%
Moldavie Moldave
79%
Nigeria Nigérian/Nigériane
79%
Niger Nigérien/Nigérienne
79%
Viêt-Nam Vietnamien/Vietnamienne
79%
Albanie Albanais/Albanaise
78%
Australie Australien/Australienne
78%
Chili Chilien/Chilienne
78%
Éthiopie Éthiopien/Éthiopienne
78%
Monaco Monégasque
78%
Mongolie Mongol/Mongole
78%
Sénégal Sénégalais/Sénégalaise
78%
Syrie Syrien/Syrienne
78%
Argentine Argentin/Argentine
77%
Colombie Colombien/Colombienne
77%
Irak Irakien/Irakienne
77%
Iran Iranien/Iranienne
77%
Malaisie Malaisien/Malaisienne
77%
Mali Malien/Malienne
77%
Slovénie Slovène
77%
Bolivie Bolivien/Bolivienne
76%
Bosnie-Herzégovine Bosnien/Bosnienne/Bosniaque
76%
Cuba Cubain/Cubaine
76%
République Dominicaine Dominicain/Dominicaine
76%
Côte d'Ivoire Ivoirien/Ivoirienne
76%
Malte Maltais/Maltaise
76%
Somalie Somalien/Somalienne
76%
Soudan Soudanais/Soudanaise
76%
Afghanistan Afghan/Afghane
75%
Guinée Guinéen/Guinéenne
74%
Jamaïque Jamaïcain/Jamaïcaine
74%
Jordanie Jordanien/Jordanienne
74%
Népal Népalais/Népalaise
74%
Pérou Péruvien/Péruvienne
74%
Cambodge Cambodgien/Cambodgienne
73%
Gabon Gabonais/Gabonaise
73%
Cameroun Camerounais/Camerounaise
72%
Libye Libyen/Libyenne
72%
Birmanie/Myanmar Birman/Birmane
71%
Mauritanie Mauritanien/Mauritanienne
71%
Irlande du Nord Nord Irlandais/Nord Irlandaise
71%
Qatar Qatari/Qatarie
71%
Sri Lanka Sri-lankais/Sri-lankaise
71%
Namibie Namibien/Namibienne
70%
Ouzbékistan Ouzbek/Ouzbèke
69%
Zambie Zambien/Zambienne
69%
Liberia Libérien/Libérienne
68%
Philippines Philippin/Philippine
68%
Arabie-Saoudite Saoudien/Saoudienne
68%
Corée du Sud Sud Coréen/Sud Coréenne
68%
Tanzanie Tanzanien/Tanzanienne
68%
Angola Angolais/Angolaise
67%
Gambie Gambien/Gambienne
67%
Macédoine du Nord Macédonien/Macédonienne
67%
Corée du Nord Nord Coréen/Nord Coréenne
67%
Rwanda Rwandais/Rwandaise
67%
Tchad Tchadien/Tchadienne
67%
Venezuela Venezuelien/Venezuelienne
67%
Maurice Mauricien/Mauricienne
66%
Ouganda Ougandais/Ougandaise
66%
Chypre Chypriote
64%
Équateur Équatorien/Équatorienne
64%
Madagascar Malgache
64%
Afrique du Sud Sud Africain/Sud Africaine
63%
Uruguay Uruguayen/Uruguayenne
62%
Kirghizistan Kirghiz/Kirghize
61%
République Centrafricaine Centrafricain/Centrafricaine
60%
Kenya Kényan/Kényane
60%
Tadjikistan Tadjik/Tadjike
60%
Azerbaïdjan Azerbaïdjanais/Azerbaïdjanaise
59%
Bénin Béninois/Béninoise
59%
Bhoutan Bhoutanais/Bhoutanaise
59%
Djibouti Djiboutien/Djiboutienne
59%
Érythrée Érythréen/Érythréenne
59%
Paraguay Paraguayen/Paraguayenne
59%
Singapour Singapourien/Singapourienne
59%
Kosovo Kosovar
57%
Soudan du Sud Sud Soudanais/Sud Soudanaise
57%
Koweït Koweïtien/Koweïtienne
56%
Micronésie Micronésien/Micronésienne
56%
Nouvelle-Zélande Néo-Zélandais/Néo-Zélandaise
56%
Botswana Botswanais/Botswanaise
55%
Fidji Fidjien/Fidjienne
54%
Salvador Salvadorien/Salvadorienne
53%
Togo Togolais/Togolaise
53%
Oman Omanais/Omanaise
52%
Barbade Barbadien/Barbadienne
51%
Maldives Maldivien/Maldivienne
50%
Yémen Yéménite
50%
Belize Bélizien/Bélizienne
49%
Laos Laotien/Laotienne
49%
Monténégro Monténégrin/Monténégrine
49%
Ghana Ghanéen/Ghanéenne
48%
Cap-Vert Cap-verdien/Cap-verdienne
47%
Andorre Andorran/Andorrane
45%
Burundi Burundais/Burundaise
45%
Emirats-Arabes-Unis Émirati/Émiratie
45%
Kazakhstan Kazakhstanais/Kazakhstanaise
45%
Guatemala Guatémaltèque
44%
Burkina-Faso Burkinabé/Burkinabée
42%
Bahreïn Bahreïni/Bahreïnie
41%
Panama Panaméen/Panaméenne
41%
Zimbabwe Zimbabwéen/Zimbabwéenne
41%
Honduras Hondurien/Hondurienne
40%
Seychelles Seychellois/Seychellois
39%
Suriname Surinamais/Surinamaise
39%
Eswatini Eswatinien/Eswatinienne
38%
Liechtenstein Liechtensteinois/Liechtensteinoise
38%
Turkménistan Turkmène
38%
Saint-Marin Saint-Marinois/Saint-Marinoise
36%
Sierra-Léone Sierraléonais/Sierraléonaise
36%
Papouasie-Nouvelle-Guinée Papouasien/Papouasienne
33%
Îles Marshall Marshallais/Marshallaise
32%
Mozambique Mozambiquais/Mozambiquaise
32%
Samoa Samoan/Samoane
32%
Brunei Brunéien/Brunéienne
31%
Costa-Rica Costaricien/Costaricienne
30%
Sainte-Lucie Lucien/Lucienne
30%
Guinée-Bissau Bissau-guinéen/Bissau-guinéenne
29%
Guyana Guyanien/Guyanienne
29%
Vatican Vaticinais/Vaticane
29%
Antigua-et-Barbuda Antiguais/Antiguaise
28%
Dominique Dominiquais/Dominiquaise
28%
Timor Oriental Timorais/Timoraise
28%
Tonga Tongien/Tongienne
27%
Bahamas Bahamien/Bahamienne
25%
Îles Cook Cookien/Cookienne
25%
Grenade Grenadin/Grenadine
25%
Guinée-Equatoriale Équatoguinéen/Équatoguinéenne
21%
Nicaragua Nicaraguayen/Nicaraguayenne
20%
Malawi Malawite
18%
Saint-Christophe-et-Niévès Christophien/Christophienne
16%
Niue Niuéen/Niuéenne
13%
Saint-Vincent-et-les-Grenadines Saint-Vincentais/Saint-Vincentaise
12%
Congo-Brazzaville Brazzavillois/Brazzavilloise
11%
Lesotho Lesothan/Lesothane
11%
République Démocratique du Congo Congolaise/Congolaise
10%
Vanuatu Vanuatuan
10%
Palaos Paluan/Paluane
5%
Sao-Tomé-et-Principe Santoméen/Santoméenne
4%
Kiribati Gilbretin/Gilbretine
0%
Aucun quiz correspondant
Distribution des résultats
% des personnes avec chaque résultat
Percentile par nombre de réponses
Votre historique - résultats
Vous n’avez pas pris ce quiz